Aircraft dynamics : (Record no. 593844)

000 -LEADER
fixed length control field 01589cam a2200289 a 4500
001 - CONTROL NUMBER
control field 16873194
005 - DATE AND TIME OF LATEST TRANSACTION
control field 20230320115910.0
008 - FIXED-LENGTH DATA ELEMENTS--GENERAL INFORMATION
fixed length control field 110715s2012 njua b 001 0 eng
010 ## - LIBRARY OF CONGRESS CONTROL NUMBER
LC control number 2011029934
020 ## - INTERNATIONAL STANDARD BOOK NUMBER
International Standard Book Number 9780470626672 (hardback : acidfree paper)
040 ## - CATALOGING SOURCE
Original cataloging agency DLC
Transcribing agency DLC
Modifying agency DLC
042 ## - AUTHENTICATION CODE
Authentication code pcc
050 00 - LIBRARY OF CONGRESS CALL NUMBER
Classification number TL570
Item number .N36 2012
082 00 - DEWEY DECIMAL CLASSIFICATION NUMBER
Classification number 629.132
Edition number 23
Author Mark NAP
100 1# - MAIN ENTRY--PERSONAL NAME
Personal name Napolitano, Marcello R.
9 (RLIN) 110623
245 10 - TITLE STATEMENT
Title Aircraft dynamics :
Remainder of title from modeling to simulation /
Statement of responsibility, etc. Marcello R. Napolitano.
260 ## - PUBLICATION, DISTRIBUTION, ETC.
Place of publication, distribution, etc. Hoboken, NJ :
Name of publisher, distributor, etc. J. Wiley,
Date of publication, distribution, etc. c2012.
300 ## - PHYSICAL DESCRIPTION
Extent xiv, 706 p. :
Other physical details ill. ;
Dimensions 29 cm.
504 ## - BIBLIOGRAPHY, ETC. NOTE
Bibliography, etc. note Includes bibliographical references and index.
520 ## - SUMMARY, ETC.
Summary, etc. "Napolitano's Aircraft Dynamics is designed to help readers extrapolate from low level formulas, equations, and details to high level comprehensive views of the main concepts. The text also helps readers in the fundamental skills of learning the "basic modeling" of aircraft aerodynamics and dynamics. The main objective is to organize the topics in "modular blocks" each of them leading to the understanding of the inner mechanisms of the aircraft aerodynamics and dynamics, eventually leading to the development of simple flight simulations schemes"--
Assigning source Provided by publisher.
650 #0 - SUBJECT ADDED ENTRY--TOPICAL TERM
Topical term or geographic name entry element Aerodynamics
General subdivision Mathematics.
9 (RLIN) 1707
650 #0 - SUBJECT ADDED ENTRY--TOPICAL TERM
Topical term or geographic name entry element Airplanes
General subdivision Simulation methods.
9 (RLIN) 110624
650 #0 - SUBJECT ADDED ENTRY--TOPICAL TERM
Topical term or geographic name entry element Structural dynamics.
9 (RLIN) 10008
906 ## - LOCAL DATA ELEMENT F, LDF (RLIN)
a 7
b cbc
c orignew
d 1
e ecip
f 20
g y-gencatlg
942 ## - ADDED ENTRY ELEMENTS (KOHA)
Source of classification or shelving scheme
Koha item type Book
Holdings
Withdrawn status Lost status Source of classification or shelving scheme Damaged status Not for loan Permanent Location Current Location Shelving location Date acquired Full call number Barcode Date last seen Price effective from Koha item type
          School of Mechanical & Manufacturing Engineering (SMME) School of Mechanical & Manufacturing Engineering (SMME) Aerospace Engineering 03/20/2023 629.132 NAP SMME-4327 03/20/2023 03/20/2023 Book
© 2023 Central Library, National University of Sciences and Technology. All Rights Reserved.